LEADER 01100nam0 22002891i 450 001 UON00077881 005 20231205102418.467 100 $a20020107d1944 |0itac50 ba 101 $aita 102 $aIT 105 $a|||| ||||| 200 1 $aBianchi e Neri in Africa$fBruno Francolini 210 $aFirenze$cCasa Editrice del Dott. Carlo Cya$d1944 215 $a371 p., c. di tav.$cill.$d25 cm 316 $adata inesatta$5IT-UONSI B Afr4/0451 410 1$1001UON00067119$12001 $aBiblioteca di studi coloniali$v11 606 $aAFRICA$xColonie$3UONC022167$2FI 620 $aIT$dFirenze$3UONL000052 676 $a960$cStoria dell'Africa$v21 700 1$aFRANCOLINI$bBruno$3UONV026068$0442618 712 $aCya$3UONV252964$4650 801 $aIT$bSOL$c20250704$gRICA 899 $aSIBA - SISTEMA BIBLIOTECARIO DI ATENEO$2UONSI 912 $aUON00077881 950 $aSIBA - SISTEMA BIBLIOTECARIO DI ATENEO$dSI 4 0451 $eSI MR 18255 5 0451 data inesatta 996 $aBianchi e Neri in Africa$91300033 997 $aUNIOR